Представление документа в формате RUSMARC

ПолеНазваниеЗначение
  Тип записи a
  Библиографический уровень m
001 Контрольный номер RU/SLIB/B/208755788
005 Дата корректировки 20201206204151.9
010 Индекс ISBN __
d Цена 2-20
101 Язык документа __
a Язык текста rus
200 Заглавие и сведения об ответственности 1_
a Заглавие От реальности к образу
e Сведения, относящиеся к заглавию духов. мир и предметно-пространств. среда живописи 60-х и 70-х гг.
f Первые сведения об ответственности Ягодовская А. Д.
b Общее обозначение материала Текст
210 Выходные данные __
a Место издания М.
c Издательство Совет. художник
d Дата издания 1985
215 Физическое описание __
a Объем 183 с.
c Иллюстрации/тип воспроизводства ил.
225 Серия __
a Серия Искусство: проблема, история, практика
330 Аннотация __
a Аннотация Монография посвящена эволюции изображения личности и окружающего мира в советской живописи последних двух десятилетий. В книге сопоставляется материал изобразительного искусства, литературы и кинематографа.
606 Тематические рубрики __
a Основная рубрика Изобразительное искусство и архитектура
z Хронологическая подрубрика 20 в. 60-е гг.; 20 в. 70-е гг.
606 Тематические рубрики __
a Основная рубрика История живописи
610 Ключевые слова __
a Ключевые слова эволюция; художники; кинематограф; живопись; искусство; изобразительное искусство; тема духовного мира
686 Индексы других классификаций __
a Классификационный индекс 85.143(2=411.2)6
700 Автор _1
a Фамилия Ягодовская
b Имя А. Д.
4 Код отношения 070
801 Источник записи _0
a Страна RU
b Организация Муниципальное бюджетное учреждение культуры "Централизованная библиотечная система" г. Сургут (Центральная городская библиотека им. А. С. Пушкина)
g Правила каталогизации КиК/Михайлова
801 Источник записи _1
a Страна RU
b Организация Муниципальное бюджетное учреждение культуры "Централизованная библиотечная система" г. Сургут (Центральная городская библиотека им. А. С. Пушкина)
g Правила каталогизации КиК/Михайлова
852 Данные о местонахождении __
j Шифр хранения 85.143(2=411.2)6
c Каталожный индекс 85.143(2)6
i Авторский знак Я 30
p Инвентарный номер 27654
901 Тип документа __
t Тип документа m
990 Данные о заказе (DOS) __
j Количество экземпляров (DOS) 1